<?xml version="1.0" encoding="UTF-8"?>
<record
    xmlns:xsi="http://www.w3.org/2001/XMLSchema-instance"
    xsi:schemaLocation="http://www.loc.gov/MARC21/slim http://www.loc.gov/standards/marcxml/schema/MARC21slim.xsd"
    xmlns="http://www.loc.gov/MARC21/slim">

  <leader>01542cam a2200277 a 4500</leader>
  <controlfield tag="003">OSt</controlfield>
  <controlfield tag="005">20211014130442.0</controlfield>
  <controlfield tag="008">941104s1994    dcua     b    001 0 eng  </controlfield>
  <datafield tag="020" ind1=" " ind2=" ">
    <subfield code="a">094060292X </subfield>
  </datafield>
  <datafield tag="040" ind1="0" ind2=" ">
    <subfield code="a">DLC</subfield>
    <subfield code="c">CO-JMCR</subfield>
    <subfield code="d">DLC</subfield>
  </datafield>
  <datafield tag="041" ind1=" " ind2=" ">
    <subfield code="a">eng</subfield>
  </datafield>
  <datafield tag="082" ind1="0" ind2="4">
    <subfield code="a">336.3098 /</subfield>
    <subfield code="b">P462p</subfield>
    <subfield code="2">23</subfield>
  </datafield>
  <datafield tag="100" ind1="1" ind2=" ">
    <subfield code="a">Perry, Guillermo, </subfield>
    <subfield code="e">author</subfield>
    <subfield code="9">7172</subfield>
  </datafield>
  <datafield tag="245" ind1="1" ind2="0">
    <subfield code="a">Public finances, stabilization, and structural reform in Latin America /</subfield>
    <subfield code="c">Guillermo Perry, Ana Mar&#xED;a Herrera, </subfield>
  </datafield>
  <datafield tag="260" ind1=" " ind2=" ">
    <subfield code="a">Washington, D.C. :</subfield>
    <subfield code="b">Inter-American Development Bank ;</subfield>
    <subfield code="c">1994.</subfield>
  </datafield>
  <datafield tag="300" ind1=" " ind2=" ">
    <subfield code="a">vi, 133 pages :</subfield>
    <subfield code="b">illustraciones  ;</subfield>
    <subfield code="c">23 cm.</subfield>
  </datafield>
  <datafield tag="504" ind1=" " ind2=" ">
    <subfield code="a">Includes bibliographical references (p. [121]-126) and index.</subfield>
  </datafield>
  <datafield tag="505" ind1=" " ind2=" ">
    <subfield code="a">Trend of public finances. -- Fiscal adjustment, stabilization and liberalization. -- Fiscal effects of trade liberalization. -- Reform of the state and public finances. -- Tax reform and structural reform.

</subfield>
  </datafield>
  <datafield tag="520" ind1="1" ind2=" ">
    <subfield code="a">"Summarizes recent changes in Latin American public finances and tax structures. Primary focus on Argentina, Chile, Colombia, and Mexico. Describes impact of fiscal decentralization, privatization, and trade liberalization, as well as various types of tax reforms"--Handbook of Latin American Studies, v. 57.</subfield>
    <subfield code="u">http://www.loc.gov/hlas/</subfield>
  </datafield>
  <datafield tag="650" ind1="1" ind2="4">
    <subfield code="a">Finance, Public</subfield>
    <subfield code="z">Latin America.</subfield>
    <subfield code="9">41172</subfield>
  </datafield>
  <datafield tag="650" ind1="2" ind2="4">
    <subfield code="a">Fiscal policy</subfield>
    <subfield code="z">Latin America.</subfield>
    <subfield code="9">41173</subfield>
  </datafield>
  <datafield tag="650" ind1="2" ind2="4">
    <subfield code="a">Economic stabilization</subfield>
    <subfield code="z">Latin America.</subfield>
    <subfield code="9">41174</subfield>
  </datafield>
  <datafield tag="651" ind1="2" ind2="4">
    <subfield code="a">Latin America</subfield>
    <subfield code="x">Economic policy.</subfield>
    <subfield code="9">41175</subfield>
  </datafield>
  <datafield tag="700" ind1="1" ind2=" ">
    <subfield code="a">Herrera, Ana Mar&#xED;a.</subfield>
    <subfield code="e">author</subfield>
    <subfield code="9">39552</subfield>
  </datafield>
  <datafield tag="942" ind1=" " ind2=" ">
    <subfield code="2">ddc</subfield>
    <subfield code="c">BK</subfield>
  </datafield>
  <datafield tag="999" ind1=" " ind2=" ">
    <subfield code="c">12682</subfield>
    <subfield code="d">12682</subfield>
  </datafield>
  <datafield tag="952" ind1=" " ind2=" ">
    <subfield code="0">0</subfield>
    <subfield code="1">0</subfield>
    <subfield code="2">ddc</subfield>
    <subfield code="4">0</subfield>
    <subfield code="7">0</subfield>
    <subfield code="a">CPL</subfield>
    <subfield code="b">CPL</subfield>
    <subfield code="c">GEN</subfield>
    <subfield code="d">2018-04-15</subfield>
    <subfield code="e">Donaci&#xF3;n</subfield>
    <subfield code="o">336.3098 / P462p</subfield>
    <subfield code="p">430004696</subfield>
    <subfield code="r">2024-05-16 00:00:00</subfield>
    <subfield code="t">Ej.1</subfield>
    <subfield code="w">2021-03-10</subfield>
    <subfield code="y">BK</subfield>
  </datafield>
  <datafield tag="952" ind1=" " ind2=" ">
    <subfield code="0">0</subfield>
    <subfield code="1">0</subfield>
    <subfield code="2">ddc</subfield>
    <subfield code="4">0</subfield>
    <subfield code="7">0</subfield>
    <subfield code="a">CPL</subfield>
    <subfield code="b">CPL</subfield>
    <subfield code="c">GEN</subfield>
    <subfield code="d">2018-04-15</subfield>
    <subfield code="e">Donaci&#xF3;n</subfield>
    <subfield code="l">0</subfield>
    <subfield code="o">336.3098 / P462p</subfield>
    <subfield code="p">430004695</subfield>
    <subfield code="r">2024-05-16 00:00:00</subfield>
    <subfield code="t">Ej.2</subfield>
    <subfield code="w">2021-03-10</subfield>
    <subfield code="y">BK</subfield>
  </datafield>
</record>
